<?xml version="1.0" encoding="UTF-8"?>
<record
    xmlns:xsi="http://www.w3.org/2001/XMLSchema-instance"
    xsi:schemaLocation="http://www.loc.gov/MARC21/slim http://www.loc.gov/standards/marcxml/schema/MARC21slim.xsd"
    xmlns="http://www.loc.gov/MARC21/slim">

  <leader>01398na  a2200373   4500</leader>
  <controlfield tag="001">20849</controlfield>
  <controlfield tag="003">MIRAKIL</controlfield>
  <controlfield tag="005">20181213155152.0</controlfield>
  <controlfield tag="008">170223b        tu            000 0      </controlfield>
  <datafield tag="035" ind1=" " ind2=" ">
    <subfield code="a">20849</subfield>
  </datafield>
  <datafield tag="040" ind1=" " ind2=" ">
    <subfield code="a">Milas</subfield>
    <subfield code="b">tur</subfield>
    <subfield code="c">TR-AnCHP</subfield>
  </datafield>
  <datafield tag="041" ind1=" " ind2=" ">
    <subfield code="a">tur</subfield>
  </datafield>
  <datafield tag="082" ind1=" " ind2=" ">
    <subfield code="a">CHP 305.23</subfield>
    <subfield code="b">A13c 2010</subfield>
  </datafield>
  <datafield tag="090" ind1=" " ind2=" ">
    <subfield code="a">CHP 305.23 A13c 2010</subfield>
  </datafield>
  <datafield tag="091" ind1=" " ind2=" ">
    <subfield code="a">GEN&#xC7;L&#x130;K 5</subfield>
  </datafield>
  <datafield tag="100" ind1=" " ind2=" ">
    <subfield code="a">Aybek, &#x15E;ahin</subfield>
  </datafield>
  <datafield tag="245" ind1=" " ind2=" ">
    <subfield code="a">CHP gen&#xE7;lik &#xF6;rg&#xFC;tlenmesi ve gen&#xE7;lik kollar&#x131;</subfield>
    <subfield code="c">&#x15E;ahin Aybek</subfield>
  </datafield>
  <datafield tag="246" ind1=" " ind2=" ">
    <subfield code="a">CHP gen&#xE7;lik kollar&#x131;</subfield>
  </datafield>
  <datafield tag="260" ind1=" " ind2=" ">
    <subfield code="a">Ankara</subfield>
    <subfield code="b">[CHP]</subfield>
    <subfield code="c">2010</subfield>
  </datafield>
  <datafield tag="300" ind1=" " ind2=" ">
    <subfield code="a">85 s.</subfield>
    <subfield code="c">20 sm.</subfield>
  </datafield>
  <datafield tag="440" ind1=" " ind2=" ">
    <subfield code="a">Cumhuriyet Halk Partisi yay&#x131;nlar&#x131;</subfield>
    <subfield code="p">Raporlar</subfield>
  </datafield>
  <datafield tag="505" ind1=" " ind2=" ">
    <subfield code="a">CHP Gen&#xE7;lik Kollar&#x131; tarihi - CHP'nin gen&#xE7;lik politikas&#x131; - Gen&#xE7;lik Kollar&#x131;'n&#x131;n siyaset anlay&#x131;&#x15F;&#x131; -- Gen&#xE7;lik Kollar&#x131;'n&#x131;n &#xE7;al&#x131;&#x15F;ma ilkeleri ve metodolojisi - Gen&#xE7;li&#x11F;in temel sorunlar&#x131; - Projeler - &#xC7;al&#x131;&#x15F;ma Program&#x131;</subfield>
  </datafield>
  <datafield tag="610" ind1=" " ind2=" ">
    <subfield code="a">CHP Gen&#xE7;lik Kollar&#x131;</subfield>
  </datafield>
  <datafield tag="610" ind1=" " ind2=" ">
    <subfield code="a">Cumhuriyet Halk Partisi (CHP)</subfield>
    <subfield code="x">Programlar</subfield>
    <subfield code="y">Gen&#xE7;lik</subfield>
  </datafield>
  <datafield tag="610" ind1=" " ind2=" ">
    <subfield code="a">Cumhuriyet Halk Partisi (CHP)</subfield>
    <subfield code="x">Gen&#xE7;lik ve sorunlar&#x131;</subfield>
    <subfield code="y">&#xC7;&#xF6;z&#xFC;m &#xF6;nerileri</subfield>
  </datafield>
  <datafield tag="610" ind1=" " ind2=" ">
    <subfield code="a">Cumhuriyet Halk Partisi (CHP)</subfield>
    <subfield code="b">Gen&#xE7;lik Kollar&#x131;</subfield>
    <subfield code="x">Gen&#xE7;lik &#xF6;rg&#xFC;tlenmesi</subfield>
  </datafield>
  <datafield tag="650" ind1=" " ind2=" ">
    <subfield code="a">Gen&#xE7;lik &#xF6;rg&#xFC;tlenmesi</subfield>
    <subfield code="z">T&#xFC;rkiye</subfield>
  </datafield>
  <datafield tag="657" ind1=" " ind2=" ">
    <subfield code="a">CHP gen&#xE7;lik program&#x131;</subfield>
  </datafield>
  <datafield tag="657" ind1=" " ind2=" ">
    <subfield code="a">CHP gen&#xE7;lik politikas&#x131;</subfield>
  </datafield>
  <datafield tag="700" ind1=" " ind2=" ">
    <subfield code="a"> </subfield>
  </datafield>
  <datafield tag="830" ind1=" " ind2=" ">
    <subfield code="a">CHP raporlar&#x131;</subfield>
  </datafield>
  <datafield tag="942" ind1=" " ind2=" ">
    <subfield code="2">dcc</subfield>
    <subfield code="c">BKS</subfield>
  </datafield>
  <datafield tag="952" ind1=" " ind2=" ">
    <subfield code="a">0001</subfield>
    <subfield code="b">0001</subfield>
    <subfield code="d">2017-01-27</subfield>
    <subfield code="e">2</subfield>
    <subfield code="l">0</subfield>
    <subfield code="o">CHP 305.23 A13c 2010</subfield>
    <subfield code="p">013114</subfield>
    <subfield code="r">2017-01-27 00:00:00</subfield>
    <subfield code="v">0.00</subfield>
    <subfield code="w">2017-01-27</subfield>
    <subfield code="y">BKS</subfield>
  </datafield>
  <datafield tag="999" ind1=" " ind2=" ">
    <subfield code="c">7873</subfield>
    <subfield code="d">7873</subfield>
  </datafield>
</record>
